Reactions and characterizationof solids / (Record no. 6648)

MARC details
000 -LEADER
fixed length control field 00561nam a22001937a 4500
003 - CONTROL NUMBER IDENTIFIER
control field OSt
005 - DATE AND TIME OF LATEST TRANSACTION
control field 20200220113600.0
008 - FIXED-LENGTH DATA ELEMENTS--GENERAL INFORMATION
fixed length control field 200220b ||||| |||| 00| 0 eng d
020 ## - INTERNATIONAL STANDARD BOOK NUMBER
International Standard Book Number 0854046127
040 ## - CATALOGING SOURCE
Transcribing agency 040a
082 ## - DEWEY DECIMAL CLASSIFICATION NUMBER
Classification number 530.4
Item number DAN 2000
100 ## - MAIN ENTRY--PERSONAL NAME
Personal name Dann, Sandra E.
9 (RLIN) 13678
245 ## - TITLE STATEMENT
Title Reactions and characterizationof solids /
Statement of responsibility, etc. Sandra E. Dann
260 ## - PUBLICATION, DISTRIBUTION, ETC. (IMPRINT)
Place of publication, distribution, etc. Cambridge
Name of publisher, distributor, etc. Royal society of chemistry
Date of publication, distribution, etc. 2000
300 ## - PHYSICAL DESCRIPTION
Extent vi, 201p;
Other physical details col.ill :
Dimensions 20cm
504 ## - BIBLIOGRAPHY, ETC. NOTE
Bibliography, etc Includes bibliographical references and index
650 ## - SUBJECT ADDED ENTRY--TOPICAL TERM
Source of heading or term Solids
942 ## - ADDED ENTRY ELEMENTS (KOHA)
Source of classification or shelving scheme Dewey Decimal Classification
Koha item type Open Shelf
Holdings
Withdrawn status Lost status Source of classification or shelving scheme Damaged status Not for loan Home library Current library Date acquired Source of acquisition Inventory number Total Checkouts Full call number Barcode Date last seen Price effective from Koha item type
    Dewey Decimal Classification     MUST Main Library MUST Main Library 20/02/2020 Donation 2004/22223   530.4 DAN 2000 2020-0518 20/02/2020 20/02/2020 Open Shelf